EU-Länder ohne Euro - Statistiken

Allgemein
  • Dieses Quiz wurde 273 mal gespielt
    199 seit der letzten Aktualisierung
  • Das Durchschnittsergebnis liegt bei 4 aus 5
Antwortstatistiken
Land % Korrekt
Schweden
88%
Polen
79%
Tschechien
74%
Ungarn
69%
Rumänien
62%
Keine übereinstimmenden Quizze gefunden
Verteilung der Resultate
Anzahl Personen mit jedem Resultat
Perzentil nach korrekt beantworteten Fragen
Ihre Resultats-Entwicklung
Sie haben dieses Quiz seit der letzten Aktualisierung nicht gespielt